000 00557nam a2200181Ia 4500
008 151018s9999 xx 000 0 und d
082 _bRBASDV35462
_a920
100 _aगोविंद केळकर
245 _aसुगंधोपासना
250 _b1
260 _bग्रंथाली
_c2002
300 _a120
600 _aगोविंद केळकर
630 _aसुगंधोपासना
700 _aगोविंद केळकर
730 _aसुगंधोपासना
942 _cBOOK
999 _c1034937
_d1034934